Revista de Indias : órgano del Instituto Gonzalo Fernández de Oviedo : julio-diciembre /

En esta publicación se ofrecen estudios, documentos, informaciones científicas, reseñas de libros y revistas, además de bibliografía sobre la historia de América.

Salvato in:
Dettagli Bibliografici
Altri autori: Pérez Bustamante, Ciriaco (dirección) (dirección)
Natura: Libro
Lingua:spagnolo
Soggetti:
Tags: Aggiungi Tag
Nessun Tag, puoi essere il primo ad aggiungerne!!

MARC

LEADER 00000nam^a2200000^a^4500
001 000115603
005 20250521000000.0
009 20260310094100.575
037 |a Acervo ITESO - Biblioteca 
041 |a ESP 
082 |a 980. 005  |b IND V. 85-86 
240 1 1 |a [Revista de Indias] 
245 1 0 |a Revista de Indias :  |b órgano del Instituto Gonzalo Fernández de Oviedo : julio-diciembre /  |c Dir. de C. Pérez Bustamante. 
264 |a Madrid, España :  |b Instituto Gonzalo Fernández de Oviedo,  |c 1961 
300 |a p. 385-686 
336 |a texto  |b txt  |2 rdacontenido 
337 |a sin mediación  |b n  |2 rdamedio 
338 |a volumen  |b nc  |2 rdasoporte 
520 |a En esta publicación se ofrecen estudios, documentos, informaciones científicas, reseñas de libros y revistas, además de bibliografía sobre la historia de América. 
649 |a XX 
650 |a América -  |x Historia -  |x Publicaciones Periódicas 
650 |a Políticos Españoles 
650 |a Escritores Españoles 
650 |a Historiadores Españoles 
650 |a América -  |x Historia -  |y Guerras de Independencia 
650 |a Independentistas Venezolanos 
650 |a Revolucionarios Venezolanos 
650 |a Políticos Venezolanos 
650 |a Venezuela -  |x Historia -  |y Guerra de Independencia, 1810-1823 
650 |a Miranda, Francisco de 
650 |a Juristas Peruanos 
650 |a Políticos Peruanos 
650 |a Educadores Peruanos 
650 |a Política -  |z Perú -  |x Historia -  |y Siglo XIX 
650 |a Perú -  |x Historia -  |y Siglo XIX 
650 |a Morales Duárez, Vicente 
650 |a El Salvador -  |x Historia -  |y Guerra de Independencia, 1811-1821 
700 |a Pérez Bustamante, Ciriaco  |e (dirección) 
910 |a Fondo Salvador Reynoso Reynoso 
920 |a Impresos - Libros 
930 |a Fondos Especiales 
905 |a 112 
901 |a 0800002947  |b IT2  |c ESP  |u 20250521 
901 |a 0800003223  |b IT2  |c ESP  |u 20250521 
902 |a https://opac.biblio.iteso.mx/vufind/Record/000115603